01328nam a2200325Ia 4500001001200000003000800012006001900020007001500039008004100054020001500095020001800110020001500128020001800143040002100161035002100182050002800203100002500231245014300256260006900399300002500468504006800493533015200561650003700713650003800750650002100788655002900809700002100838710001700859856012600876ebr10274041CaPaEBRm u cr cn|||||||||080811s2009 enka sb 001 0 eng d z0335228615 z9780335228614 z0335228623 z9780335228621 aCaPaEBRcCaPaEBR a(OCoLC)56790933314aLB1139.225b.M33 2009eb1 aMacNaughton, Glenda.10aDoing action research in early childhood studiesh[electronic resource] :ba step by step guide /cGlenda Mac Naughton and Patrick Hughes. aMaidenhead, England ;aNew York :bOpen University Press,c2009. axiii, 250 p. :bill. aIncludes bibliographical references (p. [240]-245) and indexes. aElectronic reproduction.bPalo Alto, Calif. :cebrary,d2009.nAvailable via World Wide Web.nAccess may be limited to ebrary affiliated libraries. 0aChildrenxResearchxMethodology. 0aChildrenxResearchvCase studies. 0aAction research. 7aElectronic books.2local1 aHughes, Patrick.2 aebrary, Inc.40uhttp://site.ebrary.com/lib/rucke/Doc?id=10274041zAn electronic book accessible through the World Wide Web; click to view